header

Eleven Commandments of Good Teaching: (Record no. 252449)

MARC details
000 -LEADER
fixed length control field 00466nam a22001457a 4500
003 - CONTROL NUMBER IDENTIFIER
control field OSt
005 - DATE AND TIME OF LATEST TRANSACTION
control field 20230620115912.0
008 - FIXED-LENGTH DATA ELEMENTS--GENERAL INFORMATION
fixed length control field 160219b xxu||||| |||| 00| 0 eng d
040 ## - CATALOGING SOURCE
Transcribing agency RONGO UNIVERSITY
100 ## - MAIN ENTRY--PERSONAL NAME
Personal name Vickie Gill
245 ## - TITLE STATEMENT
Title Eleven Commandments of Good Teaching:
Remainder of title Creating classrooms where teachers can teach and students can learn
Statement of responsibility, etc vickie gill
260 ## - PUBLICATION, DISTRIBUTION, ETC. (IMPRINT)
Place of publication, distribution, etc .New delhi india
Name of publisher, distributor, etc sage publication co
Date of publication, distribution, etc 2001
300 ## - PHYSICAL DESCRIPTION
Extent xi, 91p
Dimensions 24cm
942 ## - ADDED ENTRY ELEMENTS (KOHA)
Source of classification or shelving scheme Library of Congress Classification
Koha item type Long Loan Books
Holdings
Withdrawn status Lost status Source of classification or shelving scheme Damaged status Not for loan Collection code Home library Current library Shelving location Date acquired Total Checkouts Full call number Barcode Checked out Date last seen Date checked out Price effective from Koha item type
    Library of Congress Classification     Non-fiction Rongo University Library Rongo University Library General Stacks 19/02/2016 1 LB1025.3.G45 2001 201610195 19/03/2020 05/03/2020 05/03/2020 19/02/2016 Long Loan Books
    Library of Congress Classification     Non-fiction Rongo University Library Rongo University Library General Stacks 09/03/2016   LB1025.3.G45 2001 201610845   09/03/2016   09/03/2016 Long Loan Books
    Library of Congress Classification     Non-fiction Rongo University Library Rongo University Library General Stacks 09/03/2016 1 LB1025.3.G45 2001 20169753   14/10/2019 30/09/2019 09/03/2016 Long Loan Books

© 2026 Rongo University
Contact us: librarian | system librarian | Rongo university